000 00465nam a2200181Ia 4500
005 20250423101111.0
008 250422s9999 xx 000 0 und d
020 _a9781555631437
050 _aTN 871 .J66/
100 _aJones, Jack R.
245 0 _atechnique
260 _aTexas
260 _bSociety of Petroleum Engineers
260 _c2009
300 _a154 p
650 _a Oil wells--Hydraulic fracturing. Hydraulic fracturing.
942 _cBK
999 _c35285
_d35285